Statystyki dla Ile wiesz o piłce nożnej

Kliknij tutaj aby rozwiązać quiz!

Ogólne statystyki

  • Ten quiz został rozwiązany 52 razy
  • Średni wynik to 10 z 15

Statystyki odpowiedzi

HintOdpowiedź% Poprawnych
jak dużo mistrzostw świata w piłce nożnej wygrała argentyna3
93%
Ile lat ma Lewandowski34
93%
Ile mistrzostw świata w piłce nożnej wygrała brazylia5
93%
Jak nazywa się moment kiedy piłkarz zagra do partnera ze swojej drużyny w momencie, gdy ten znajduje się bliżej linii bramkowej przeciwników, niż ostatni gracz drużyny przeciwnej (nie licząc bramkarza).Spalony
91%
Ile krajów grało mistrzostwach świata (2022)32
89%
Ile korolów ma znaczek Barcelony6
87%
Od jakiego klubu w piłce nożnej jest skrót FCBFC Barcelona
85%
Do którego poziomu doszła Polska w mistrzostwach świata (2022)1/8 finału
83%
W jakim kraju były organizowane pierwszę mistrzostwa świataUrugwaj
83%
Jaki kraj wygrał trzecie misztrzostwa świata w piłce nożnejWłochy
76%
Jaki kraj wygrał piąte misztrzostwa świata w piłce nożnejNiemcy
63%
Kto wygrał dziesiąte mistrzostwa świataNiemcy
59%
Kiedy Polska zagrała pierwszy raz w mistrzostwach świata (Chodzi o wszystkie misztrzostwa swiata)1938
33%
Od którego roku istnieje klub Barcelony(Chodzi o rok)1988
11%
Kto był główną "gwiazdą" włoch podczas trzecich mistrzostw świataGiuseppe Meazza
7%

Rozkład punktacji

Percentyl według liczby udzielonych odpowiedzi

Procent ludzi z każdym wynikiem

Twoja historia wyników

Nie rozwiązałeś tego quizu